00411nam a2200157Ia 4500001000500000005001700005008004100022041000800063082001500071100002100086245009300107260000900200300002800209650000800237654000800245868520260306160628.0260306t2017||||xx |||||||||||||| ||spa|| aESP a371.3bB98 aBuzan, TonyeAUT 0aEl libro de los mapas mentales:bcómo utilizar al máximo las capacidades de la mente c2017 a217 páginas :c24 cm. aGEN aCED